000 00721nam a2200289Ia 4500
005 20260324133216.0
008 008 260324s9999 xx 000 0 eng d
020 _a9780203782699
037 _aEBOOK
040 _aCRL
040 _beng
040 _cCRL
041 _2eng
041 _aeng
084 _qCRL
100 _a Carlson; Tom Caffery; Phyllis Erdman
_91192201
245 0 _aAttachment and Family Systems
245 0 _bConceptual, Empirical and Therapeutic Relatedness
260 _bTaylor and Francis
260 _c2003
365 _a
365 _b220
856 _uhttp://www.taylorfrancis.com/books/9780203782699
942 _cEBOOK
999 _c1791058
_d1791058